00675nam a2200205Ia 4500952013600000999001700136003000400153005001700157008004100174020001500215040000900230082001800239100002300257245004200280250001200322260004700334300000900381650003700390942004200427 00102ddc40708PRODUCTIONaMESbMEScECO d2019-02-20g225.00l0o338.88 RAO/Ip27317r2019-02-20 00:00:00w2019-02-20yBKzGL8R2 c10704d10704OSt20200514110953.0190216s9999||||xx |||||||||||||| ||und|| a8178665808 coclc a338.88bRAO/I aRao, P Subba 9797 0aInternational Business /cP Subba Rao a2nd ed. bHimalaya Publishing House,c2002.aMumbai: a582p 0aSocial sciencesvEconomics91086 cBK2ddch338.88iRAO/Ik338.88mRAO/I